[Event "Deltalift op"]
[Site "Tylosand"]
[Date "2023.05.20"]
[Round "8"]
[White "Persson, Birger"]
[Black "Silseth, Simon"]
[Result "1/2-1/2"]
[WhiteElo "2066"]
[BlackElo "2276"]
[PlyCount "34"]
[EventDate "2023.05.18"]
[EventType "swiss"]
[EventRounds "8"]
[EventCountry "SWE"]
[SourceTitle "CBM 214 Extra"]
[Source "ChessBase"]
[SourceDate "2023.07.31"]
[SourceVersion "1"]
[SourceVersionDate "2023.07.31"]
[SourceQuality "1"]

1. d4 Nf6 2. Nf3 e6 3. c4 b6 4. a3 Bb7 5. Nc3 d5 6. cxd5 Nxd5 7. Qc2 Be7 8. e4 Nxc3 9. bxc3 0-0 10. Bd3 c5 11. 0-0 cxd4 12. cxd4 Qc8 13. Qe2 Ba6 14. Bb2 Bxd3 15. Qxd3 Qa6 16. Qxa6 Nxa6 17. Rfc1 Rac8 1/2-1/2

[Event "Lund CellaVision Cup"]
[Site "Lund"]
[Date "2019.08.02"]
[Round "3"]
[White "Silseth, Simon"]
[Black "Blomqvist, Erik"]
[Result "1-0"]
[WhiteElo "2264"]
[BlackElo "2507"]
[PlyCount "86"]
[EventDate "2019.08.02"]
[EventType "swiss"]
[EventRounds "8"]
[EventCountry "SWE"]
[SourceTitle "CBM 191 Extra"]
[Source "ChessBase"]
[SourceDate "2019.09.30"]
[SourceVersion "1"]
[SourceVersionDate "2019.09.30"]
[SourceQuality "1"]

1. e4 c5 2. Nc3 a6 3. g3 b5 4. Bg2 Bb7 5. d3 e6 6. Nf3 d6 7. 0-0 Nf6 8. a4 b4 9. Ne2 Nbd7 10. b3 g6 11. Bb2 Bg7 12. Nd2 Qc7 13. Nc4 0-0 14. Nxd6 Qxd6 15. e5 Qc7 16. exf6 Bxf6 17. Bxf6 Nxf6 18. Nf4 e5 19. Bxb7 Qxb7 20. Ng2 Rad8 21. Qe2 Rfe8 22. f3 Nd5 23. Ne3 Nc3 24. Qf2 h5 25. Nc4 Qc7 26. Rae1 Re7 27. Qe3 Rde8 28. Qg5 Kg7 29. Ne3 Qd7 30. Nc4 f6 31. Qe3 Qd5 32. Rf2 Re6 33. Rg2 f5 34. Qg5 Qxf3 35. Rf2 Qg4 36. Qe3 Qd4 37. Qg5 e4 38. Ne3 Rf8 39. Rf4 Nd5 40. Rh4 Nxe3 41. Rxe3 Qd8 42. Rxh5 Qxg5 43. Rxg5 Kf6 1-0

[Event "Deltalift op"]
[Site "Tylosand"]
[Date "2019.06.01"]
[Round "7"]
[White "Silseth, Simon"]
[Black "Lindberg, Bengt"]
[Result "0-1"]
[WhiteElo "2268"]
[BlackElo "2382"]
[PlyCount "94"]
[EventDate "2019.05.30"]
[EventType "swiss"]
[EventRounds "8"]
[EventCountry "SWE"]
[SourceTitle "CBM 190 Extra"]
[Source "ChessBase"]
[SourceDate "2019.07.15"]
[SourceVersion "1"]
[SourceVersionDate "2019.07.15"]
[SourceQuality "1"]

1. e4 c5 2. Nc3 Nc6 3. g3 g6 4. Bg2 Bg7 5. d3 d6 6. Nf3 Rb8 7. Be3 Nd4 8. Bxd4 cxd4 9. Ne2 e5 10. 0-0 Ne7 11. c3 dxc3 12. bxc3 0-0 13. c4 h6 14. h3 Be6 15. Nc3 a6 16. Nd5 Nxd5 17. cxd5 Bd7 18. Rb1 b5 19. d4 Qb6 20. dxe5 dxe5 21. Qd2 Rfc8 22. Kh2 Rc4 23. Ne1 Rbc8 24. f4 Qd6 25. Rf2 f5 26. Nd3 exf4 27. Qxf4 Qxf4 28. gxf4 fxe4 29. Ne5 e3 30. Re2 Bf5 31. Rd1 Rxf4 32. Nc6 Bf6 33. Rxe3 Rf2 34. Kg1 Rxa2 35. Ne7+ Bxe7 36. Rxe7 Rcc2 37. Bf3 Rf2 38. d6 Rxf3 39. d7 Rg3+ 40. Kh1 Rxh3+ 41. Kg1 Rg3+ 42. Kh1 Bxd7 43. Rdxd7 Rf3 44. Kg1 Raf2 45. Rg7+ Kf8 46. Rxg6 Rf6 47. Rg3 R2f5 0-1

[Event "Deltalift op"]
[Site "Tylosand"]
[Date "2019.05.30"]
[Round "2"]
[White "Ivarsson, Sebastian"]
[Black "Silseth, Simon"]
[Result "0-1"]
[WhiteElo "2013"]
[BlackElo "2268"]
[PlyCount "48"]
[EventDate "2019.05.30"]
[EventType "swiss"]
[EventRounds "8"]
[EventCountry "SWE"]
[SourceTitle "CBM 190 Extra"]
[Source "ChessBase"]
[SourceDate "2019.07.15"]
[SourceVersion "1"]
[SourceVersionDate "2019.07.15"]
[SourceQuality "1"]

1. d4 f5 2. Nf3 Nf6 3. g3 d6 4. Bg2 g6 5. 0-0 Bg7 6. c4 0-0 7. b3 c6 8. Bb2 d5 9. Ne5 Be6 10. Nc3 Nbd7 11. Rc1 dxc4 12. Nxc4 Nb6 13. Nxb6 axb6 14. f3 b5 15. a4 Nd5 16. Nxd5 Qxd5 17. Rc5 Qxb3 18. Qxb3 Bxb3 19. axb5 Ra2 20. Rb1 Rxb2 21. Rxb2 Bxd4+ 22. Kf1 Bxb2 23. bxc6 bxc6 24. Rxc6 Rd8 0-1

[Event "Deltalift op"]
[Site "Tylosand"]
[Date "2019.05.30"]
[Round "1"]
[White "Silseth, Simon"]
[Black "Sjodahl, Olof"]
[Result "1-0"]
[WhiteElo "2268"]
[BlackElo "1901"]
[PlyCount "45"]
[EventDate "2019.05.30"]
[EventType "swiss"]
[EventRounds "8"]
[EventCountry "SWE"]
[SourceTitle "CBM 190 Extra"]
[Source "ChessBase"]
[SourceDate "2019.07.15"]
[SourceVersion "1"]
[SourceVersionDate "2019.07.15"]
[SourceQuality "1"]

1. e4 e5 2. Bc4 Nf6 3. d3 h6 4. Nc3 c6 5. Nf3 d6 6. h3 g6 7. d4 Nbd7 8. dxe5 dxe5 9. a4 Qc7 10. Be3 Bg7 11. Qd2 b6 12. 0-0 Nf8 13. a5 b5 14. Bxb5 Rb8 15. Ba4 Rxb2 16. Nd5 Nxd5 17. exd5 e4 18. Bd4 Bxd4 19. Qxd4 exf3 20. Rfe1+ Kd8 21. dxc6+ Bd7 22. cxd7 fxg2 23. Re8# 1-0

[Event "Deltalift op"]
[Site "Tylosand"]
[Date "2018.05.12"]
[Round "8"]
[White "Lokander, Martin"]
[Black "Silseth, Simon"]
[Result "1-0"]
[WhiteElo "2386"]
[BlackElo "2239"]
[PlyCount "59"]
[EventDate "2018.05.10"]
[EventType "swiss"]
[EventRounds "8"]
[EventCountry "SWE"]
[SourceTitle "CBM 184 Extra"]
[Source "ChessBase"]
[SourceDate "2018.06.28"]
[SourceVersion "1"]
[SourceVersionDate "2018.06.28"]
[SourceQuality "1"]

1. d4 d5 2. c4 e6 3. Nf3 Nf6 4. Nc3 Be7 5. Bf4 0-0 6. e3 c6 7. Qc2 b6 8. cxd5 exd5 9. Bd3 Bb7 10. h4 Nbd7 11. Ng5 h6 12. g4 Re8 13. Bh7+ Kf8 14. Nxf7 Kxf7 15. Qg6+ Kf8 16. g5 Nxh7 17. gxh6 Bf6 18. Qxh7 Kf7 19. Rg1 Nf8 20. Rxg7+ Ke6 21. Qg8+ Kf5 22. Rg3 Ng6 23. Qxg6+ Ke6 24. Rg5 Kd7 25. Qf5+ Re6 26. Rg6 Qe7 27. Rc1 Rc8 28. h7 Bxd4 29. Nxd5 cxd5 30. Rxc8 1-0

[Event "Deltalift op"]
[Site "Tylosand"]
[Date "2018.05.12"]
[Round "7"]
[White "Silseth, Simon"]
[Black "Jepson, Christian"]
[Result "1/2-1/2"]
[WhiteElo "2239"]
[BlackElo "2415"]
[PlyCount "96"]
[EventDate "2018.05.10"]
[EventType "swiss"]
[EventRounds "8"]
[EventCountry "SWE"]
[SourceTitle "CBM 184 Extra"]
[Source "ChessBase"]
[SourceDate "2018.06.28"]
[SourceVersion "1"]
[SourceVersionDate "2018.06.28"]
[SourceQuality "1"]

1. e4 c5 2. Nc3 Nc6 3. g3 g6 4. Bg2 Bg7 5. d3 d6 6. Nge2 e5 7. 0-0 Nge7 8. Bg5 f6 9. Be3 Be6 10. Nd5 0-0 11. c3 Qd7 12. d4 b6 13. Qd2 Na5 14. b3 Nxd5 15. exd5 Bh3 16. dxe5 dxe5 17. Bxh3 Qxh3 18. c4 Nb7 19. f4 Nd6 20. Nc3 Rae8 21. Rae1 e4 22. a4 Qd7 23. a5 f5 24. Qc2 Rb8 25. axb6 axb6 26. Ra1 Bd4 27. Qd2 Qg7 28. Rac1 b5 29. cxb5 Rfc8 30. Rfd1 Nxb5 31. Nxb5 Bxe3+ 32. Qxe3 Rxb5 33. d6 Qf7 34. d7 Rd8 35. Rxc5 Rxd7 36. Rc8+ Kg7 37. Qc3+ Kh6 38. Rxd7 Qxd7 39. Rc7 Rxb3 40. Qe5 Qd1+ 41. Kg2 Qf3+ 42. Kh3 Qh5+ 43. Kg2 Qe2+ 44. Kh3 Qg4+ 45. Kg2 Qe2+ 46. Kh3 Rxg3+ 47. hxg3 Qf1+ 48. Kh2 Qf2+ 1/2-1/2

[Event "Deltalift op"]
[Site "Tylosand"]
[Date "2018.05.11"]
[Round "6"]
[White "Brzezinski, Adam"]
[Black "Silseth, Simon"]
[Result "0-1"]
[WhiteElo "2152"]
[BlackElo "2239"]
[PlyCount "118"]
[EventDate "2018.05.10"]
[EventType "swiss"]
[EventRounds "8"]
[EventCountry "SWE"]
[SourceTitle "CBM 184 Extra"]
[Source "ChessBase"]
[SourceDate "2018.06.28"]
[SourceVersion "1"]
[SourceVersionDate "2018.06.28"]
[SourceQuality "1"]

1. d4 f5 2. Bg5 h6 3. Bh4 g5 4. e4 Bg7 5. Bg3 f4 6. Bxf4 gxf4 7. Qh5+ Kf8 8. Qf5+ Ke8 9. Be2 h5 10. Bxh5+ Rxh5 11. Qxh5+ Kf8 12. Qf5+ Ke8 13. Nf3 e6 14. Qg6+ Kf8 15. Ng5 Nh6 16. e5 Nc6 17. Nd2 d5 18. Ndf3 Ne7 19. Nh7+ Kg8 20. Nf6+ Kf8 21. Qh5 Nef5 22. Ng5 Ke7 23. g4 Nxd4 24. 0-0-0 Nc6 25. Rhe1 Qh8 26. Ngh7 Nf7 27. Qh4 Bxf6 28. exf6+ Kd6 29. g5 Nce5 30. Qh5 Qg8 31. Rg1 Ng6 32. Nf8 Nxf8 33. g6 Ne5 34. g7 Nfd7 35. Rde1 b6 36. Qg5 Nf7 37. Qxf4+ e5 38. Qf3 Bb7 39. h4 Qh7 40. h5 Rg8 41. Rg6 Nc5 42. b4 Ne6 43. b5 Nc5 44. Rxe5 Kxe5 45. Qg3+ Ke6 46. Qxc7 Re8 47. Rg3 d4 48. f4 Be4 49. f5+ Bxf5 50. Qc6+ Nd6 51. f7 Kxf7 52. Qxd6 Kg8 53. h6 Be6 54. Rf3 Qxh6+ 55. Kb2 Nd7 56. Rg3 Qf6 57. Qc6 d3+ 58. Ka3 Qe7+ 59. Ka4 Nc5+ 0-1

[Event "Deltalift op"]
[Site "Tylosand"]
[Date "2018.05.10"]
[Round "4"]
[White "Linusson, Lasse"]
[Black "Silseth, Simon"]
[Result "0-1"]
[WhiteElo "1962"]
[BlackElo "2239"]
[PlyCount "116"]
[EventDate "2018.05.10"]
[EventType "swiss"]
[EventRounds "8"]
[EventCountry "SWE"]
[SourceTitle "CBM 184 Extra"]
[Source "ChessBase"]
[SourceDate "2018.06.28"]
[SourceVersion "1"]
[SourceVersionDate "2018.06.28"]
[SourceQuality "1"]

1. e4 c5 2. a3 g6 3. b4 Bg7 4. Nc3 d6 5. Nge2 Nf6 6. Rb1 0-0 7. g3 Nc6 8. Bg2 Nd4 9. Nxd4 cxd4 10. Nd5 Nxd5 11. exd5 Bf5 12. 0-0 Rc8 13. d3 Qc7 14. Rb2 Qd7 15. Re1 Rc3 16. Ra2 Rfc8 17. Bd2 R3c7 18. a4 e5 19. b5 h5 20. Qb1 b6 21. a5 Rc5 22. Rb2 Qc7 23. axb6 axb6 24. Bb4 Rxb5 25. Qa2 Bd7 26. Ra1 Bf8 27. Qa6 Rb8 28. Qa2 Qb7 29. Rb3 Rc8 30. Qa7 Qxa7 31. Rxa7 Be8 32. Ra2 f5 33. Kf1 Bf7 34. Rbb2 Bxd5 35. Bxd5+ Rxd5 36. Ra6 Rb5 37. Ra7 d5 38. Ra4 Bxb4 39. Rbxb4 Rxb4 40. Rxb4 Rxc2 41. Rxb6 Kg7 42. Rd6 Rd2 43. Rxd5 Kf6 44. Rd6+ Kf7 45. Rd5 Ke6 46. Rd8 Rxd3 47. Ke2 Ra3 48. Re8+ Kf6 49. Rf8+ Ke7 50. Rg8 Kf7 51. Rb8 e4 52. Rb6 Ra2+ 53. Ke1 d3 54. Rd6 g5 55. h3 Ra1+ 56. Kd2 Rf1 57. Ke3 Re1+ 58. Kd4 d2 0-1

[Event "Deltalift op"]
[Site "Tylosand"]
[Date "2018.05.10"]
[Round "1"]
[White "Silseth, Simon"]
[Black "Muntean, Victor"]
[Result "1-0"]
[WhiteElo "2239"]
[BlackElo "1865"]
[PlyCount "41"]
[EventDate "2018.05.10"]
[EventType "swiss"]
[EventRounds "8"]
[EventCountry "SWE"]
[SourceTitle "CBM 184 Extra"]
[Source "ChessBase"]
[SourceDate "2018.06.28"]
[SourceVersion "1"]
[SourceVersionDate "2018.06.28"]
[SourceQuality "1"]

1. e4 e5 2. Bc4 Nf6 3. d3 d5 4. exd5 Nxd5 5. Nf3 Nc6 6. 0-0 Be6 7. Ng5 Bc5 8. Nxe6 fxe6 9. Qh5+ g6 10. Qg4 Qe7 11. Bg5 Qf7 12. Nc3 0-0 13. Qxe6 Qxe6 14. Bxd5 Qxd5 15. Nxd5 Nd4 16. Nf6+ Kg7 17. Nd7 Rf5 18. Nxc5 Rxg5 19. c3 Ne2+ 20. Kh1 Rh5 21. g3 1-0

[Event "Deltalift op"]
[Site "Tylosand"]
[Date "2017.05.25"]
[Round "4"]
[White "Nilsson, Patrik1111"]
[Black "Silseth, Simon"]
[Result "1-0"]
[WhiteElo "2033"]
[BlackElo "2254"]
[PlyCount "49"]
[EventDate "2017.05.25"]
[EventType "swiss"]
[EventRounds "8"]
[EventCountry "SWE"]
[SourceTitle "CBM 178 Extra"]
[Source "ChessBase"]
[SourceDate "2017.06.22"]
[SourceVersion "1"]
[SourceVersionDate "2017.06.22"]
[SourceQuality "1"]

1. e4 c5 2. Nf3 d6 3. d4 cxd4 4. Nxd4 Nf6 5. Nc3 g6 6. Be3 Bg7 7. f3 Nc6 8. Qd2 Bd7 9. 0-0-0 h5 10. Kb1 0-0 11. h3 Rc8 12. g4 Ne5 13. gxh5 Nxh5 14. f4 Nc4 15. Bxc4 Rxc4 16. f5 Kh7 17. Rhg1 Bxd4 18. Bxd4 b5 19. Qg5 Qe8 20. Be3 Rh8 21. fxg6+ fxg6 22. Qh6+ Kg8 23. Rxg6+ Kf7 24. Rf1+ Nf6 25. Rgxf6+ 1-0

[Event "Deltalift op"]
[Site "Tylosand"]
[Date "2017.05.25"]
[Round "3"]
[White "Silseth, Simon"]
[Black "Tikkanen, Hans"]
[Result "0-1"]
[WhiteElo "2254"]
[BlackElo "2504"]
[PlyCount "66"]
[EventDate "2017.05.25"]
[EventType "swiss"]
[EventRounds "8"]
[EventCountry "SWE"]
[SourceTitle "CBM 178 Extra"]
[Source "ChessBase"]
[SourceDate "2017.06.22"]
[SourceVersion "1"]
[SourceVersionDate "2017.06.22"]
[SourceQuality "1"]

1. e4 c6 2. d3 d5 3. Nd2 g6 4. Ngf3 Bg7 5. Be2 e5 6. 0-0 Ne7 7. c3 0-0 8. Re1 c5 9. exd5 Nxd5 10. Nc4 Nc6 11. a4 Re8 12. g3 b6 13. Bg5 f6 14. Bd2 a6 15. h4 Rb8 16. h5 Nde7 17. Nh4 Be6 18. Ne3 Na5 19. Ra3 b5 20. axb5 axb5 21. c4 b4 22. Ra2 Nac6 23. Bc1 Nd4 24. Bf1 Qd7 25. b3 Ra8 26. Rxa8 Rxa8 27. Bb2 Ra2 28. Bc1 Bh3 29. hxg6 hxg6 30. Bxh3 Qxh3 31. Nf3 Nec6 32. Nxd4 Nxd4 33. Nd5 Ra1 0-1

[Event "Norrkoeping Easter op"]
[Site "Norrkoeping"]
[Date "2015.04.05"]
[Round "6"]
[White "Silseth, Simon"]
[Black "Andersson, Rikard1111"]
[Result "1/2-1/2"]
[WhiteElo "2317"]
[BlackElo "2066"]
[PlyCount "37"]
[EventDate "2015.04.03"]
[EventType "swiss"]
[EventRounds "8"]
[EventCountry "SWE"]
[SourceTitle "CBM 165 Extra"]
[Source "ChessBase"]
[SourceDate "2015.04.21"]
[SourceVersion "1"]
[SourceVersionDate "2015.04.21"]
[SourceQuality "1"]

1. d4 f5 2. g3 Nf6 3. Bg2 d6 4. c4 g6 5. Nc3 Bg7 6. d5 Na6 7. Nh3 Bd7 8. Nf4 c6 9. h4 cxd5 10. cxd5 Qb6 11. 0-0 Nc5 12. h5 gxh5 13. e3 0-0-0 14. Nxh5 Rdg8 15. Bf3 Ng4 16. Bxg4 fxg4 17. Nxg7 Rxg7 18. Qd4 Rhg8 19. b4 1/2-1/2

[Event "Norrkoeping Easter op"]
[Site "Norrkoeping"]
[Date "2015.04.04"]
[Round "5"]
[White "Lindahl, Emil"]
[Black "Silseth, Simon"]
[Result "1/2-1/2"]
[WhiteElo "2151"]
[BlackElo "2317"]
[PlyCount "36"]
[EventDate "2015.04.03"]
[EventType "swiss"]
[EventRounds "8"]
[EventCountry "SWE"]
[SourceTitle "CBM 165 Extra"]
[Source "ChessBase"]
[SourceDate "2015.04.21"]
[SourceVersion "1"]
[SourceVersionDate "2015.04.21"]
[SourceQuality "1"]

1. d4 Nf6 2. c4 e6 3. Nc3 c5 4. Nf3 cxd4 5. Nxd4 d6 6. e4 Be7 7. Bd3 0-0 8. 0-0 b6 9. f4 Bb7 10. Qe2 Nbd7 11. b3 Re8 12. Bb2 Nc5 13. Bc2 d5 14. cxd5 exd5 15. e5 Nfe4 16. Nxe4 Nxe4 17. Nf5 Bc5+ 18. Kh1 Re6 1/2-1/2

[Event "Deltalift op"]
[Site "Halmstad"]
[Date "2014.05.31"]
[Round "7"]
[White "Kockum, Anton Frisk"]
[Black "Silseth, Simon"]
[Result "1-0"]
[WhiteElo "2326"]
[BlackElo "2317"]
[PlyCount "123"]
[EventDate "2014.03.29"]
[EventType "swiss"]
[EventRounds "8"]
[EventCountry "SWE"]
[SourceTitle "EXT 2015"]
[Source "ChessBase"]
[SourceDate "2014.11.20"]
[SourceVersion "1"]
[SourceVersionDate "2014.11.20"]
[SourceQuality "1"]

1. d4 d5 2. Nf3 Nf6 3. c4 dxc4 4. e3 Bg4 5. Bxc4 e6 6. Nc3 Nbd7 7. h3 Bh5 8. g4 Bg6 9. Nh4 Be4 10. Nxe4 Nxe4 11. Nf3 h5 12. gxh5 Rxh5 13. Nd2 Nef6 14. Be2 Rh8 15. Bf3 c6 16. Nc4 Nb6 17. Ne5 Nbd5 18. Bd2 Nd7 19. Nxd7 Qxd7 20. Qa4 Be7 21. 0-0-0 Nb6 22. Qb3 Rh4 23. Bg2 Bf6 24. f4 Rh5 25. Bc3 Nd5 26. Rd3 g6 27. Bf3 Rh4 28. Be1 Rh8 29. Bg3 Bh4 30. Bxh4 Rxh4 31. Kb1 Ne7 32. Bg2 Rh5 33. Qa3 Rb5 34. Rc1 Nd5 35. Rc5 Nc7 36. Rxb5 Nxb5 37. Qc5 Qd6 38. Qc4 Qd7 39. Rb3 Rc8 40. Qc5 a6 41. h4 Qe7 42. a4 Nd6 43. h5 gxh5 44. Qxh5 Kd8 45. e4 Nc4 46. Ka2 b5 47. f5 exf5 48. Qxf5 bxa4 49. Rc3 Qb4 50. Qg5+ Ke8 51. Qc1 Na5 52. Rg3 Rd8 53. Rg8+ Kd7 54. Bh3+ Kc7 55. Qf4+ Qd6 56. Qxf7+ Kb6 57. Rg7 Qxd4 58. Bf1 Kc5 59. Qe7+ Rd6 60. Qa7+ Kb4 61. Qb8+ Kc5 62. Rg5+ 1-0

[Event "Gausdal Classics GM-B"]
[Site "Gausdal"]
[Date "2006.04.30"]
[Round "8"]
[White "Silseth, Simon"]
[Black "Fries Nielsen, Jens Ove"]
[Result "1/2-1/2"]
[WhiteElo "2328"]
[BlackElo "2356"]
[PlyCount "38"]
[EventDate "2006.04.23"]
[EventType "swiss"]
[EventRounds "9"]
[EventCountry "NOR"]
[SourceTitle "CBM 111 Extra"]
[Source "ChessBase"]
[SourceDate "2006.05.09"]
[SourceVersion "1"]
[SourceVersionDate "2006.05.09"]
[SourceQuality "1"]

1. d4 g6 2. c4 Bg7 3. Nc3 d6 4. Bg5 c6 5. Qd2 a6 6. Nf3 b5 7. e3 Nf6 8. Bd3 Bg4 9. h3 Bxf3 10. gxf3 Nbd7 11. f4 bxc4 12. Bxc4 c5 13. d5 Qa5 14. 0-0 Nb6 15. Be2 Na4 16. Qc2 Nxc3 17. bxc3 0-0 18. c4 Rfb8 19. Rab1 Qa3 1/2-1/2

[Event "Gausdal Classics GM-B"]
[Site "Gausdal"]
[Date "2006.04.28"]
[Round "6"]
[White "Jaksland, Tim"]
[Black "Silseth, Simon"]
[Result "0-1"]
[WhiteElo "2311"]
[BlackElo "2328"]
[PlyCount "46"]
[EventDate "2006.04.23"]
[EventType "swiss"]
[EventRounds "9"]
[EventCountry "NOR"]
[SourceTitle "CBM 111 Extra"]
[Source "ChessBase"]
[SourceDate "2006.05.09"]
[SourceVersion "1"]
[SourceVersionDate "2006.05.09"]
[SourceQuality "1"]

1. e4 e5 2. Bc4 Bc5 3. Nc3 d6 4. d3 Nc6 5. Be3 Bxe3 6. fxe3 Qh4+ 7. g3 Qg5 8. Qf3 Be6 9. Nd5 0-0-0 10. Ne2 h5 11. h3 Nh6 12. 0-0-0 Na5 13. Bb3 Nxb3+ 14. axb3 c6 15. Ndc3 Kb8 16. Rde1 Rhf8 17. Kb1 f5 18. exf5 Nxf5 19. Ne4 Qh6 20. Nc1 Bd5 21. Rhf1 g6 22. g4 Nxe3 23. Qxe3 Qxe3 0-1

[Event "Gausdal Classics GM-B"]
[Site "Gausdal"]
[Date "2006.04.23"]
[Round "1"]
[White "Silseth, Simon"]
[Black "Agdestein, Emil Dovig"]
[Result "1-0"]
[WhiteElo "2328"]
[BlackElo "2102"]
[PlyCount "79"]
[EventDate "2006.04.23"]
[EventType "swiss"]
[EventRounds "9"]
[EventCountry "NOR"]
[SourceTitle "CBM 111 Extra"]
[Source "ChessBase"]
[SourceDate "2006.05.09"]
[SourceVersion "1"]
[SourceVersionDate "2006.05.09"]
[SourceQuality "1"]

1. c4 g6 2. Nc3 Bg7 3. d4 d6 4. Nf3 Nd7 5. e4 e5 6. Bg5 f6 7. Bh4 Ne7 8. Be2 c6 9. 0-0 Qc7 10. b4 a5 11. b5 0-0 12. bxc6 bxc6 13. c5 dxc5 14. d5 cxd5 15. Nxd5 Nxd5 16. Qxd5+ Kh8 17. Rfd1 Rb8 18. Rac1 Rb2 19. Bf1 g5 20. Bg3 h5 21. h3 h4 22. Bh2 Nb6 23. Qd3 Be6 24. Nd4 Bf7 25. Nb5 Qe7 26. Nd6 Be6 27. Rxc5 Rb4 28. Qc2 Rd8 29. Rc7 Rd7 30. Rxd7 Nxd7 31. Qc7 a4 32. Nf5 Qf7 33. a3 Rxe4 34. Nd6 Qg6 35. Nxe4 Qxe4 36. Rxd7 Bxd7 37. Qxd7 Qd4 38. Qxd4 exd4 39. Bd6 f5 40. Bb4 1-0

[Event "Ibenfeldt Memorial"]
[Site "Gausdal"]
[Date "2006.01.21"]
[Round "7"]
[White "Sagafos, Magne"]
[Black "Silseth, Simon"]
[Result "1/2-1/2"]
[WhiteElo "2273"]
[BlackElo "2327"]
[PlyCount "87"]
[EventDate "2006.01.16"]
[EventType "tourn"]
[EventRounds "9"]
[EventCountry "NOR"]
[EventCategory "2"]
[SourceTitle "CBM 110 Extra"]
[Source "ChessBase"]
[SourceDate "2006.03.10"]
[SourceVersion "2"]
[SourceVersionDate "2006.03.10"]
[SourceQuality "1"]

1. d4 Nf6 2. c4 e6 3. Nc3 Bb4 4. Nf3 c5 5. g3 0-0 6. Bg2 Nc6 7. 0-0 Bxc3 8. bxc3 d6 9. Bf4 Ne4 10. Qd3 f5 11. Nd2 e5 12. dxe5 dxe5 13. Qxd8 Rxd8 14. Nxe4 fxe4 15. Bg5 Re8 16. Bxe4 Na5 17. Rab1 Rb8 18. Rfd1 Be6 19. Bd5 b6 20. Bxe6+ Rxe6 21. Rd7 Rb7 22. Rbd1 h6 23. Rxb7 Nxb7 24. Rd7 Nd6 25. Bd8 Nxc4 26. Rxa7 Rd6 27. Bc7 Rd1+ 28. Kg2 e4 29. Ra4 b5 30. Ra8+ Kf7 31. Rb8 Re1 32. Rxb5 Rxe2 33. Bf4 g5 34. Rxc5 gxf4 35. Rxc4 f3+ 36. Kh3 Ke6 37. g4 Kd5 38. Rd4+ Ke5 39. Kg3 Re1 40. Rd8 Rg1+ 41. Kh3 Rg2 42. Re8+ Kf4 43. Rf8+ Ke5 44. Re8+ 1/2-1/2

[Event "Ibenfeldt Memorial"]
[Site "Gausdal"]
[Date "2006.01.18"]
[Round "4"]
[White "Silseth, Simon"]
[Black "Lie, Espen"]
[Result "0-1"]
[WhiteElo "2327"]
[BlackElo "2325"]
[PlyCount "88"]
[EventDate "2006.01.16"]
[EventType "tourn"]
[EventRounds "9"]
[EventCountry "NOR"]
[EventCategory "2"]
[SourceTitle "CBM 110 Extra"]
[Source "ChessBase"]
[SourceDate "2006.03.10"]
[SourceVersion "2"]
[SourceVersionDate "2006.03.10"]
[SourceQuality "1"]

1. c4 e6 2. d4 d5 3. Nf3 c5 4. cxd5 exd5 5. Nc3 Nc6 6. g3 Nf6 7. Bg2 Be7 8. 0-0 0-0 9. b3 Be6 10. Bb2 Ne4 11. dxc5 Nxc3 12. Bxc3 Bxc5 13. Nd4 Qb6 14. Nxc6 bxc6 15. Qd2 a5 16. e3 Rfd8 17. Bd4 Bxd4 18. exd4 a4 19. b4 a3 20. Rab1 Ra4 21. f4 Bf5 22. Rb3 Rb8 23. Re1 g6 24. Rd1 Rxb4 25. Rxa3 Rb2 26. Qe3 Rb1 27. Rf1 Rb4 28. Rd1 Bg4 29. Rd2 Rb1+ 30. Kf2 Qb4 31. Qc3 Qe7 32. Qe3 R8b2 33. Rxb2 Rxb2+ 34. Kg1 Qxe3+ 35. Rxe3 Rxa2 36. Rd3 Be2 37. Re3 Rd2 38. Re8+ Kg7 39. Rc8 Bb5 40. Bh3 Rxd4 41. Bd7 Rc4 42. Kf2 d4 43. Ke1 d3 44. Bg4 Rc2 0-1

[Event "Ibenfeldt Memorial"]
[Site "Gausdal"]
[Date "2006.01.17"]
[Round "2"]
[White "Silseth, Simon"]
[Black "Miezis, Normunds"]
[Result "1/2-1/2"]
[WhiteElo "2327"]
[BlackElo "2470"]
[PlyCount "90"]
[EventDate "2006.01.16"]
[EventType "tourn"]
[EventRounds "9"]
[EventCountry "NOR"]
[EventCategory "2"]
[SourceTitle "CBM 110 Extra"]
[Source "ChessBase"]
[SourceDate "2006.03.10"]
[SourceVersion "2"]
[SourceVersionDate "2006.03.10"]
[SourceQuality "1"]

1. d4 Nf6 2. c4 e6 3. Nc3 Bb4 4. Bg5 c5 5. d5 exd5 6. cxd5 0-0 7. e3 h6 8. Bh4 Re8 9. Bd3 d6 10. Nge2 Bg4 11. f3 Bh5 12. 0-0 Bxc3 13. bxc3 Rxe3 14. Qd2 Re8 15. Ng3 Bg6 16. Bb5 Rf8 17. f4 a6 18. Be2 Nbd7 19. f5 Bh7 20. Nh5 Re8 21. Bd3 c4 22. Bc2 Re5 23. Kh1 Rxd5 24. Nxf6+ Nxf6 25. Qf4 Re5 26. Qxc4 Qe7 27. Qd4 Re8 28. Rad1 d5 29. Bd3 Qd8 30. g4 Qa5 31. Bg3 Re3 32. Bf4 Rxd3 33. Rxd3 Qb5 34. Rdf3 Nxg4 35. Bg3 Re4 36. Qd2 Ne3 37. Re1 Nxf5 38. Kg1 Bg6 39. Rd3 Qc5+ 40. Bf2 Rg4+ 41. Rg3 Nxg3 42. hxg3 Rxg3+ 43. Kh2 Qxc3 44. Qxd5 Rh3+ 45. Kg2 Rh5 1/2-1/2